00200nam a2200073Ia 4500008004100000082000800041100001500049245006200064240331s9999 xx 000 0 und d bHOO aHoole, S.R 0aEnforcing human right :btowards an egalitarian Sri Lanka